000 00602nam a2200229Ia 4500
003 OSt
005 20221007075930.0
006 a|||||r|||| 00| 0
007 ta
008 221006b |||||||| |||| 00| 0 eng d
024 _a16,757
037 _cTextual
040 _aFLL
_cFLL
_beng
041 _2eng
_aeng
082 _aY1:50X:275, L3
100 _aGanguli B.N.
245 0 _aPopulation and development
260 _aNew Delhi
_bS. Chand & Co (Pvt) Ltd. India
_c1973
300 _a132p
_ccm.
942 _hY1:50X:275, L3
_cTEXL
_2CC
999 _c1157861
_d1157861